000 01048nam a22002777a 4500
005 20100513125256.0
008 100513t xxu||||| |||| 00| 0 eng d
010 _aENG-96051
020 _a9788120340503
_c250.00
035 _aEN-79584
037 _bDBAD/PUB
040 _aDPL
_bEng
082 _a621.319
245 _aAn introduction to reactive power control and voltage stability in power transmission systems /
_cby Abhijit Chakrabarti ...[et al]
260 _aNew Delhi
_bPHI Learning
_c2010
270 _aM-97, Connaught Circus,
_bNew Delhi
_e110001
300 _axi,255p.
_c23cm (pbk)
500 _aIncludes index
650 _aElectric Power System
_920272
700 _aKothari, D. P.
_920273
700 _aMukhopadhyay, A. K.
_920274
700 _aDe, Abhinandan
_920275
700 _aGanguly, Ramanuj
_920276
942 _2ddc
_cEN
_mINT
_h621.319
999 _c36005
_d36005